[Event "American Continental 18th"]
[Site "Medellin"]
[Date "2024.06.02"]
[Round "11"]
[White "Paladines Pinzon, Samuel"]
[Black "Guevara Sanchez, Erick Marvin"]
[Result "1-0"]
[WhiteElo "1795"]
[BlackElo "2056"]
[PlyCount "105"]
[EventDate "2024.05.24"]
[EventType "swiss"]
[EventRounds "11"]
[EventCountry "COL"]
[SourceTitle "CB23_2024"]
[SourceDate "2024.06.05"]
[SourceVersion "1"]
[SourceVersionDate "2024.06.05"]
[SourceQuality "1"]

1. e4 c5 2. Nf3 Nc6 3. Bb5 Nd4 4. Nxd4 cxd4 5. 0-0 a6 6. Ba4 b5 7. Bb3 e6 8. d3 Bc5 9. f4 Ne7 10. Nd2 Qc7 11. a4 b4 12. Qh5 Bb7 13. Qe5 0-0-0 14. Qxc7+ Kxc7 15. f5 Rdf8 16. Nc4 f6 17. Bf4+ e5 18. Nxe5 Bd6 19. Nc4 Bxf4 20. Rxf4 d6 21. Nd2 g5 22. fxg6 hxg6 23. Raf1 f5 24. exf5 Rxf5 25. Rxd4 Rxf1+ 26. Nxf1 a5 27. Ne3 Rh5 28. Rf4 Re5 29. Kf2 Kd7 30. d4 Rh5 31. Ng4 Rh8 32. h3 Nf5 33. Bf7 Rc8 34. Bb3 Rh8 35. Nf6+ Kd8 36. Nd5 Re8 37. Nb6 Be4 38. Bf7 g5 39. Rxf5 Rf8 40. Rxg5 Rxf7+ 41. Ke2 Rh7 42. Rxa5 Bxg2 43. Rb5 Rxh3 44. Rxb4 Rh2 45. c3 Rh1 46. Nc4 Kc7 47. Ne3 Be4 48. Rb5 Rh2+ 49. Kd1 Rh1+ 50. Kd2 Rh2+ 51. Ke1 Bd3 52. Nd5+ Kc6 53. Nb4+ 1-0

[Event "American Continental 18th"]
[Site "Medellin"]
[Date "2024.05.29"]
[Round "8"]
[White "Paladines Pinzon, Samuel"]
[Black "Ayala Delgado, Sergio Alejandro"]
[Result "0-1"]
[WhiteElo "1795"]
[BlackElo "2011"]
[PlyCount "84"]
[EventDate "2024.05.24"]
[EventType "swiss"]
[EventRounds "11"]
[EventCountry "COL"]
[SourceTitle "CB23_2024"]
[SourceDate "2024.06.05"]
[SourceVersion "1"]
[SourceVersionDate "2024.06.05"]
[SourceQuality "1"]

1. e4 c5 2. Nf3 Nc6 3. Nc3 g6 4. d4 cxd4 5. Nxd4 Bg7 6. Be3 Nf6 7. Nxc6 bxc6 8. e5 Ng8 9. f4 f6 10. f5 fxe5 11. fxg6 d5 12. Qh5 h6 13. Ne2 Qa5+ 14. c3 Rb8 15. b4 Qa3 16. g3 Rxb4 17. Bc1 Rb2 18. Bxb2 Qxb2 19. Rd1 e4 20. Bh3 Nf6 21. Qh4 Ba6 22. Rd2 Qa1+ 23. Rd1 Qxa2 24. Rd2 Qb1+ 25. Rd1 Qb5 26. 0-0 Qxe2 27. Be6 Qe3+ 28. Rf2 Qb6 29. Kg2 e3 30. Rf4 Qb2+ 31. Kh3 e2 32. Re1 c5 33. Ra4 Qb6 34. Bf7+ Kd8 35. Qf4 d4 36. cxd4 Bc8+ 37. Kh4 Qc6 38. Rxa7 Ne8 39. g4 Qg2 40. Rd7+ Bxd7 41. Qb8+ Bc8 42. Qb6+ Nc7 0-1

[Event "American Continental Blitz 18th"]
[Site "Medellin"]
[Date "2024.05.29"]
[Round "6"]
[White "Sepulveda Tuberquia, Ferney"]
[Black "Paladines Pinzon, Samuel"]
[Result "0-1"]
[WhiteElo "2025"]
[BlackElo "1795"]
[PlyCount "156"]
[EventDate "2024.05.29"]
[EventType "swiss (blitz)"]
[EventRounds "9"]
[EventCountry "COL"]
[SourceTitle "CB23_2024"]
[SourceDate "2024.06.05"]
[SourceVersion "1"]
[SourceVersionDate "2024.06.05"]
[SourceQuality "1"]

1. Nf3 d5 2. b3 Nf6 3. Bb2 c5 4. e3 Nc6 5. Bb5 e6 6. Ne5 Bd7 7. Bxc6 Bxc6 8. 0-0 Bd6 9. d3 Qc7 10. f4 0-0-0 11. Nd2 Rhg8 12. Ndf3 Ne8 13. Qe2 f6 14. Nxc6 Qxc6 15. c4 Nc7 16. cxd5 exd5 17. Rac1 Qa6 18. a3 Rge8 19. Qd2 Kb8 20. b4 cxb4 21. axb4 Qb6 22. Bd4 Qxb4 23. Qa2 Qa3 24. Qe2 Nb5 25. Bb2 Qa6 26. Ra1 Qb6 27. Qc2 Qxe3+ 28. Kh1 Qxf4 29. Qb3 a6 30. Ra4 Qe3 31. Nd4 Qd2 32. Nf3 Qe2 33. Raa1 Re3 34. Rfe1 Rxd3 35. Qa2 Qf2 36. Rf1 Qb6 37. Rab1 Qc7 38. Rbc1 Qd7 39. Qb1 Re3 40. Ba1 g6 41. Qc2 Rc8 42. Qd2 Rxc1 43. Rxc1 Re8 44. Qxd5 Qe6 45. Qd2 f5 46. Re1 Qd7 47. Rd1 Qc7 48. Rc1 Qb6 49. Rd1 Bc7 50. Qg5 a5 51. Bf6 a4 52. h4 a3 53. Ba1 Qc6 54. Rc1 Qd6 55. Rb1 Na7 56. Qc1 Nc6 57. Rb3 Qg3 58. Rxa3 Re2 59. Qg1 Ne5 60. Bxe5 Bxe5 61. Qa7+ Kc8 62. Qc5+ Kd7 63. Rd3+ Ke6 64. Qd5+ Kf6 65. Qd8+ Kg7 66. Rd7+ Kh6 67. Qg5+ Qxg5 68. hxg5+ Kh5 69. Rxh7+ Kg4 70. Kg1 Bg3 71. Kf1 Ra2 72. Rxb7 Ra1+ 73. Ke2 Ra2+ 74. Ke3 Rxg2 75. Rb4+ f4+ 76. Ke4 Re2+ 77. Kd3 Kxf3 78. Rb3 Re3+ 0-1

[Event "American Continental Blitz 18th"]
[Site "Medellin"]
[Date "2024.05.29"]
[Round "4"]
[White "Villar Reymundo, Juan Antonio"]
[Black "Paladines Pinzon, Samuel"]
[Result "0-1"]
[WhiteElo "2203"]
[BlackElo "1795"]
[PlyCount "151"]
[EventDate "2024.05.29"]
[EventType "swiss (blitz)"]
[EventRounds "9"]
[EventCountry "COL"]
[SourceTitle "CB23_2024"]
[SourceDate "2024.06.05"]
[SourceVersion "1"]
[SourceVersionDate "2024.06.05"]
[SourceQuality "1"]

1. Nf3 d5 2. c4 c6 3. b3 Nf6 4. g3 Bf5 5. Bg2 e6 6. 0-0 Bd6 7. Bb2 Nbd7 8. d3 0-0 9. Nbd2 Bg6 10. a3 a5 11. Qc2 e5 12. Rad1 Re8 13. e4 d4 14. Ne1 Bh5 15. f3 Qc7 16. Rb1 c5 17. a4 Nf8 18. Rf2 Ne6 19. Nf1 g5 20. g4 Bg6 21. Ng3 Nf4 22. Bc1 h5 23. h3 hxg4 24. hxg4 Kg7 25. Bf1 Rh8 26. Rb2 Rh4 27. Qd1 Rah8 28. Rh2 Qd8 29. Rxh4 Rxh4 30. Rh2 Qh8 31. Qc2 b6 32. Nf5+ Bxf5 33. gxf5 Rxh2 34. Qxh2 Qxh2+ 35. Kxh2 Ne8 36. Kg3 f6 37. Ng2 Nc7 38. Bd2 Na6 39. Kg4 Nb4 40. Bxb4 axb4 41. Ne1 Bc7 42. Kg3 Bd8 43. Kf2 Kh6 44. Kg3 Kh5 45. Bh3 Bc7 46. Bg4+ Kh6 47. Kf2 Kg7 48. Kg3 Ne2+ 49. Kf2 Nc1 50. Bh5 Nxb3 51. Ke2 Na5 52. Kd2 Nc6 53. Be8 Ne7 54. Kc2 Kf8 55. Bh5 Nc8 56. Kb3 Na7 57. Nc2 Nc6 58. Kb2 Kg7 59. Ne1 Ne7 60. Ng2 Nc6 61. Kb3 Na5+ 62. Kb2 Kf8 63. Ne1 Ke7 64. Nc2 Kd6 65. Na1 Nb7 66. Be8 Na5 67. Nb3 Bd8 68. Nd2 Ke7 69. Nf1 Kf8 70. Bb5 Nb7 71. Ng3 Nd6 72. Nh5 Be7 73. Bc6 Nf7 74. Kb3 Nh6 75. Bd5 g4 76. Ng3 0-1

[Event "American Continental 18th"]
[Site "Medellin"]
[Date "2024.05.24"]
[Round "1"]
[White "Mendoza Vega, Rafael Enrique"]
[Black "Paladines Pinzon, Samuel"]
[Result "1/2-1/2"]
[WhiteElo "2235"]
[BlackElo "1795"]
[PlyCount "106"]
[EventDate "2024.05.24"]
[EventType "swiss"]
[EventRounds "11"]
[EventCountry "COL"]
[SourceTitle "CB23_2024"]
[SourceDate "2024.06.05"]
[SourceVersion "1"]
[SourceVersionDate "2024.06.05"]
[SourceQuality "1"]

1. e4 c5 2. Nf3 Nc6 3. Bb5 e6 4. 0-0 Nge7 5. Re1 a6 6. Bxc6 Nxc6 7. d4 cxd4 8. Nxd4 Qc7 9. Nc3 d6 10. a4 Be7 11. Be3 Ne5 12. Qe2 0-0 13. Rad1 Bf6 14. Bc1 b6 15. Kh1 Bb7 16. f4 Nc6 17. Nxc6 Qxc6 18. Rd3 Bxc3 19. Rxc3 Qxa4 20. b3 Qd7 21. Bb2 f6 22. Rd3 d5 23. exd5 exd5 24. Re3 Qf5 25. Re7 Bc8 26. Qf2 Bd7 27. h3 Be8 28. Qxb6 Qxc2 29. Qb7 Bg6 30. Rxg7+ Kh8 31. Bxf6 Rxf6 32. Rxg6 Qxg6 33. Qxa8+ Kg7 34. Qxd5 Rxf4 35. Re6 Qb1+ 36. Kh2 Rf6 37. Qe5 Qf5 38. Qxf6+ Qxf6 39. Rxf6 Kxf6 40. g4 Ke5 41. Kg3 a5 42. h4 Kd4 43. g5 Kc3 44. h5 Kxb3 45. g6 hxg6 46. hxg6 a4 47. g7 a3 48. g8Q+ Kb2 49. Qb8+ Ka1 50. Qe5+ Kb1 51. Qb5+ Ka1 52. Qf1+ Kb2 53. Qe2+ Kb1 1/2-1/2

[Event "Sopo Region-ch"]
[Site "Sopo"]
[Date "2021.07.24"]
[Round "1"]
[White "Sabogal Varela, Jose Joaquin"]
[Black "Paladines Pinzon, Samuel"]
[Result "1-0"]
[WhiteElo "1849"]
[BlackElo "1350"]
[PlyCount "79"]
[EventDate "2021.07.24"]
[EventType "swiss"]
[EventRounds "5"]
[EventCountry "COL"]
[SourceTitle "EXT 2022"]
[Source "ChessBase"]
[SourceDate "2021.10.06"]
[SourceVersion "1"]
[SourceVersionDate "2021.10.06"]
[SourceQuality "1"]

1. d4 c5 2. c3 Nf6 3. Nf3 d5 4. Bf4 Nc6 5. e3 Bg4 6. Nbd2 e6 7. Qa4 cxd4 8. Nxd4 Qd7 9. Bb5 Rc8 10. N2b3 a6 11. Bxc6 bxc6 12. Qxa6 Be7 13. Na5 c5 14. Ndc6 Bf5 15. Ne5 Qd8 16. Nb7 Qc7 17. Nxf7 Qc6 18. Nbd6+ Bxd6 19. Qxc8+ Qxc8 20. Nxd6+ Kd7 21. Nxc8 Rxc8 22. f3 Kc6 23. g4 Bg6 24. Be5 Rf8 25. Bxf6 gxf6 26. b4 Rb8 27. a3 Kb5 28. a4+ Kc4 29. Kd2 e5 30. h4 h6 31. b5 Rb6 32. Ra2 Kb3 33. Rha1 d4 34. exd4 exd4 35. cxd4 cxd4 36. a5 Rxb5 37. a6 Rb8 38. a7 Ra8 39. Ra6 Be8 40. Rb1+ 1-0

[Event "COL-ch U10"]
[Site "Fusagasuga"]
[Date "2019.07.01"]
[Round "9"]
[White "Mesa Parra, Esteban"]
[Black "Paladines Pinzon, Samuel"]
[Result "1-0"]
[WhiteElo "1324"]
[BlackElo "1287"]
[PlyCount "61"]
[EventDate "2019.06.26"]
[EventType "tourn"]
[EventRounds "9"]
[EventCountry "COL"]
[SourceTitle "CBM 191 Extra"]
[Source "ChessBase"]
[SourceDate "2019.09.30"]
[SourceVersion "1"]
[SourceVersionDate "2019.09.30"]
[SourceQuality "1"]

1. e4 c5 2. Nf3 a6 3. d4 cxd4 4. Nxd4 Nf6 5. Nc3 e5 6. Nb3 Bb4 7. Bd3 0-0 8. Bd2 d5 9. Nxd5 Bxd2+ 10. Qxd2 Nxd5 11. exd5 e4 12. Bc4 b5 13. Be2 Bb7 14. 0-0-0 Nd7 15. f3 Nf6 16. fxe4 Nxe4 17. Qd4 Qg5+ 18. Kb1 Qxg2 19. Rdg1 Qxg1+ 20. Rxg1 Nf6 21. Qxf6 g6 22. Bf3 Rad8 23. Rd1 Rfe8 24. d6 Re6 25. Qxd8+ Kg7 26. Bxb7 a5 27. Qxa5 b4 28. d7 h5 29. d8Q Re2 30. Qd4+ Kh7 31. Qad8 1-0

[Event "COL-ch U10"]
[Site "Fusagasuga"]
[Date "2019.06.29"]
[Round "6"]
[White "Lopez, Ricardo Andres"]
[Black "Paladines Pinzon, Samuel"]
[Result "0-1"]
[WhiteElo "1421"]
[BlackElo "1287"]
[PlyCount "74"]
[EventDate "2019.06.26"]
[EventType "tourn"]
[EventRounds "9"]
[EventCountry "COL"]
[SourceTitle "CBM 191 Extra"]
[Source "ChessBase"]
[SourceDate "2019.09.30"]
[SourceVersion "1"]
[SourceVersionDate "2019.09.30"]
[SourceQuality "1"]

1. d4 c5 2. dxc5 e6 3. Nf3 Nf6 4. Nc3 Bxc5 5. Bf4 d5 6. e3 0-0 7. Bd3 Nc6 8. Ne2 h6 9. h3 Re8 10. Ned4 Bxd4 11. Nxd4 Nxd4 12. exd4 Qb6 13. Rb1 Qa5+ 14. Bd2 Qxa2 15. 0-0 Qa4 16. Qf3 Qxd4 17. Bc3 Qh4 18. Bxf6 Qxf6 19. Qxf6 gxf6 20. Rbd1 Bd7 21. Rfe1 Rac8 22. Ra1 a6 23. Re3 e5 24. Rg3+ Kf8 25. c3 f5 26. Be2 e4 27. f4 Rc6 28. Rd1 Be6 29. b4 Rec8 30. b5 axb5 31. Rb1 Rxc3 32. Rxc3 Rxc3 33. Rxb5 d4 34. Rxb7 d3 35. Bh5 e3 36. Rb1 d2 37. Ra1 Rb3 0-1

[Event "COL-ch U10"]
[Site "Fusagasuga"]
[Date "2019.06.27"]
[Round "3"]
[White "Paladines Pinzon, Samuel"]
[Black "Torres Rodriguez, Carlos Enrique"]
[Result "1-0"]
[WhiteElo "1287"]
[BlackElo "1077"]
[PlyCount "81"]
[EventDate "2019.06.26"]
[EventType "tourn"]
[EventRounds "9"]
[EventCountry "COL"]
[SourceTitle "CBM 191 Extra"]
[Source "ChessBase"]
[SourceDate "2019.09.30"]
[SourceVersion "1"]
[SourceVersionDate "2019.09.30"]
[SourceQuality "1"]

1. e4 e5 2. Nf3 Nc6 3. Bc4 Bc5 4. 0-0 Nf6 5. d4 Nxd4 6. Bg5 d6 7. Nxd4 Bxd4 8. c3 Bb6 9. Kh1 Be6 10. Bb3 Bxf2 11. Bxf6 Qxf6 12. Qe2 Bxb3 13. Rxf2 Bc4 14. Qe1 Qe6 15. b3 Bb5 16. c4 Bd7 17. Nc3 0-0 18. Nd5 Rac8 19. Rf3 c6 20. Ne3 Qe7 21. Qg3 f6 22. h4 Rf7 23. h5 Rcf8 24. Nf5 Bxf5 25. Rxf5 g6 26. Raf1 g5 27. h6 Qe6 28. Qg4 Qe7 29. Qf3 Qd7 30. Rd1 Qc7 31. Qc3 Rd8 32. Qf3 Rdf8 33. Qc3 Re7 34. Qf3 Re6 35. Qh3 Qe7 36. Qe3 a6 37. a4 Rf7 38. b4 Qc7 39. Qh3 Qc8 40. Rxd6 Rfe7 41. Rxf6 1-0

[Event "Bogota AlphaZero op"]
[Site "Bogota"]
[Date "2018.08.19"]
[Round "5"]
[White "Ramirez, Juan Andres"]
[Black "Paladines Pinzon, Samuel"]
[Result "0-1"]
[WhiteElo "1350"]
[BlackElo "1118"]
[PlyCount "118"]
[EventDate "2018.08.17"]
[EventType "swiss"]
[EventRounds "7"]
[EventCountry "COL"]
[SourceTitle "CBM 186 Extra"]
[Source "ChessBase"]
[SourceDate "2018.08.24"]
[SourceVersion "1"]
[SourceVersionDate "2018.08.24"]
[SourceQuality "1"]

1. e4 c5 2. Nc3 g6 3. d3 Nc6 4. f4 d6 5. Nf3 Bg4 6. h3 Bxf3 7. Qxf3 Nd4 8. Qf2 Bg7 9. Be3 e6 10. 0-0-0 Ne7 11. Nb1 0-0 12. c3 Ndc6 13. d4 cxd4 14. cxd4 Rc8 15. Nc3 Nb4 16. Kb1 d5 17. a3 Nbc6 18. e5 a6 19. g4 f5 20. g5 b5 21. h4 Qb6 22. Qe2 Na5 23. h5 Rc6 24. hxg6 hxg6 25. Rc1 Rfc8 26. Rh2 Nc4 27. Bf2 b4 28. Na4 Qa5 29. Nc5 bxa3 30. Rxc4 dxc4 31. Qxc4 axb2 32. Kxb2 Qd2+ 33. Ka3 Bf8 34. Qe2 Qa5+ 35. Kb3 Rb8+ 36. Kc2 Qa2+ 37. Kd3 Qa3+ 38. Kd2 Rb2+ 39. Ke1 Rxe2+ 40. Kxe2 Rb6 41. Be3 Rb2+ 42. Bd2 Qa2 43. Ke3 Nd5+ 44. Kf3 Rxd2 45. Rxd2 Qxd2 46. Bxa6 Bxc5 47. dxc5 Qxf4+ 48. Ke2 Qxe5+ 49. Kd3 Qe3+ 50. Kc4 Qc3+ 51. Kb5 Nc7+ 52. Kb6 Nxa6 53. Kxa6 Qxc5 54. Kb7 f4 55. Ka8 f3 56. Kb7 f2 57. Ka8 f1Q 58. Kb7 Qb1+ 59. Ka8 Qa5# 0-1